| 000 | 00701nam a2200181Ia 4500 | ||
|---|---|---|---|
| 008 | 100921s9999 xx 000 0 und d | ||
| 082 |
_b24626 _a920.02 थ 92 |
||
| 100 | _aसप्रे मधुवंती. | ||
| 245 | _aसमाजऋण. | ||
| 260 |
_bमेहता प्रकाशन, पुणे. _c1992 |
||
| 300 |
_a84 _bमॅजेस्टीक प्रकाशन,पुणे. |
||
| 365 | _b35 | ||
| 520 | _aचरित्र- संग्रह,व्यिक्तचित्रे. | ||
| 630 | _aसमाजऋण. | ||
| 650 | _aचरित्र- संग्रह,व्यिक्तचित्रे. | ||
| 730 | _aसमाजऋण. | ||
| 942 | _cBOOK | ||
| 999 |
_c773739 _d773736 |
||